Statistiques concernant Culture Générale - Série 691

Cliquez ici pour prendre le quiz!

Statistiques générales

  • Ce quiz a été pris 61 fois
  • Le résultat moyen est 6 sur 10

Statistiques - réponses

QuestionRéponse% Correct
Une personne très mince a, selon l'expression, "une taille de...guêpe
97%
Comment faut-il appeler une génisse, après qu'elle ait vêlé ?vache
88%
Qui a été la première femme Premier ministre de la Grande-Bretagne ?Margaret Thatcher
81%
La série télévisée "Les Nouveaux Chevaliers du ciel" est adaptée de la bande dessinée "Les Aventures de Tanguy et...Laverdure
71%
Dans le dessin animé "Ulysse 31", quel est le nom du petit robot rouge, cadeau d'Ulysse à son fils Télémaque ?Nono
59%
Quelle actrice, prénommée Louise, incarne l'héroïne de bande dessinée Adèle Blanc-Sec dans le film de Luc Besson ?Louise Bourgoin
58%
À quel peintre doit-on “Le Radeau de la Méduse” ?Théodore Géricault
47%
Quel courant océanique chaud et saisonnier, perturbant toute la circulation atmosphérique tropicale, porte un nom espagnol signifiant "l'Enfant-Jésus" ?El Niño
41%
Quel animateur de télévision prête sa voix au personnage de Crash, dans le film d'animation "L'Âge de glace 3 - Le Temps des dinosaures" ?Christophe Dechavanne
14%
Que conserve-t-on dans une diathèque ?diapositives
8%

Distribution des résultats

Percentile par nombre de réponses

% des personnes avec chaque résultat

Votre développement - résultats

Vous n’avez pas pris ce quiz